| 000 | 00837cam a22002893a 4500 | ||
|---|---|---|---|
| 001 | 38901 | ||
| 003 | PGUSA | ||
| 005 | 20140828083847.0 | ||
| 008 | 120216s2012||||xxu|||||s|||||000 | eng d | ||
| 040 |
_aPGUSA _beng |
||
| 042 | _adc | ||
| 050 | 4 | _aPR | |
| 100 | 1 |
_aShakespeare, William, _d1564-1616 |
|
| 245 | 1 | 0 |
_aTwelfth Night ; _bor, What You Will _h[electronic resource] / _cWilliam Shakespeare |
| 260 |
_bProject Gutenberg, _c2012 |
||
| 506 | _aPublic domain in the USA. | ||
| 516 | _aElectronic text | ||
| 653 | _aBrothers and sisters -- Drama | ||
| 653 | _aMistaken identity -- Drama | ||
| 653 | _aComedies | ||
| 653 | _aIllyria -- Drama | ||
| 653 | _aShipwreck survival -- Drama | ||
| 653 | _aTwins -- Drama | ||
| 830 | 0 |
_aProject Gutenberg _v38901 |
|
| 856 | 4 | 0 | _uhttp://www.gutenberg.org/ebooks/38901 |
| 942 | _cEB | ||
| 999 |
_c268154 _d268154 |
||